000 00494nam a2200169Ia 4500
008 090711s9999 xx 000 0 und d
082 _b59385
100 _aभावे पुरुषोत्तम भा.
245 _aपाषाण
260 _c1987
300 _a168
600 _aभावे पुरुषोत्तम भा.
630 _aपाषाण
700 _aभावे पुरुषोत्तम भा.
730 _aपाषाण
942 _cBOOK
999 _c310136
_d310136